Logo BPK

Biblioteka

Politechniki Koszalińskiej

Słownik dla firm i instytucji niemiecko-polski, polsko-niemiecki : (Rekord nr 45847)

Szczegóły MARC
000 -ETYKIETA REKORDU
podpole kontrolne o stałej długości 00970nam a2200289 i 4500
001 - NUMER KONTROLNY REKORDU
pole kontrolne bg
020 ## - MIĘDZYNARODOWY ZNORMALIZOWANY NUMER KSIĄŻKI - ISBN
ISBN 8389427605
040 ## - ŹRÓDŁO KATALOGOWANIA
Instytucja, która utworzyła rekord BPK
041 0# - KOD JĘZYKA
Kod języka tekstu polger
080 ## - UNIWERSALNA KLASYFIKACJA DZIESIĘTNA - UKD
UKD 33/34(038)=162.1=112.2
920 ## - Międzynarodowy znormalizowany numer książki – ISBN
ISBN 83-89427-60-5
008 - POLE O STAŁEJ DŁUGOŚCI - DANE KONTROLNE
podpole kontrolne o stałej długości s pl f |000 0 pol
245 00 - TYTUŁ/ODPOWIEDZIALNOŚĆ
Tytuł Słownik dla firm i instytucji niemiecko-polski, polsko-niemiecki :
Ciąg dalszy tytułu 20 000 haseł i zwrotów /
Pozostałe elementy strefy tytułu i oznaczenia odpowiedzialności [zespół aut. Tomasz Sobół et al.].
260 ## - STREFA ADRESU WYDAWNICZEGO
Miejsce wydania Poznań :
Nazwa wydawcy/dystrybutora "LektorKlett",
Data publikacji, dystrybucji/powstania dokumentu 2004.
300 ## - STREFA OPISU FIZYCZNEGO
Objętość 336 s. ;
Rozmiary 25 cm.
490 1# - STREFA SERII I DOKUMENTU WIELOCZĘŚCIOWEGO - FORMA NIE DO WYSZUKIWANIA
Tytuł i oznaczenie odpowiedzialności serii Pons
500 ## - UWAGI OGÓLNE
Tekst uwagi Na okł. podtyt.: ekonomia, prawo, handel, zarządzanie.
650 #9 - HASŁO PRZEDMIOTOWE W FORMIE NAZWY OGÓLNEJ LUB JEDNOSTKOWEJ
Nazwa ogólna lub geograficzna Nauki ekonomiczne
Określnik ogólny terminologia
650 #9 - HASŁO PRZEDMIOTOWE W FORMIE NAZWY OGÓLNEJ LUB JEDNOSTKOWEJ
Nazwa ogólna lub geograficzna Prawo
Określnik ogólny terminologia
650 #9 - HASŁO PRZEDMIOTOWE W FORMIE NAZWY OGÓLNEJ LUB JEDNOSTKOWEJ
Nazwa ogólna lub geograficzna Słownik niemiecko-polski
650 #9 - HASŁO PRZEDMIOTOWE W FORMIE NAZWY OGÓLNEJ LUB JEDNOSTKOWEJ
Nazwa ogólna lub geograficzna Słownik polsko-niemiecki
655 ## - TERMIN INDEKSOWY - OKREŚLENIE RODZAJU/FORMY DOKUMENTU
Określenie rodzaju/formy dokumentu Słowniki
700 1# - HASŁO DODATKOWE - NAZWA OSOBOWA
Nazwa osobowa SOBÓŁ, Tomasz
830 ## - HASŁO DODATKOWE SERII LUB DOKUMENTU WIELOCZĘŚCIOWEGO - TYTUŁ UJEDNOLICONY
Tytuł ujednolicony Pons
856 ## - LOKALIZACJA I DOSTĘP DO ELEKTRONICZNYCH DOKUMENTÓW ZDALNYCH
Link (URL) http://koha.tu.koszalin.pl/cgi-bin/koha/opac-detail.pl?biblionumber=45847
Tekst linku Katalog online BPK
942 ## - DODATKOWE ELEMENTY (KOHA)
Typ dokumentu Książka
Egzemplarze
Wycofany Status egzemplarza Uszkodzony Dostępność Lokalizacja stała Lokalizacja bieżąca Miejsce przechowywania Sygnatura Kod kreskowy Dział Typ dokumentu
      Tylko na miejscu Biblioteka Politechniki Koszalińskiej Biblioteka Politechniki Koszalińskiej Czytelnia Wydziałowa ul. Kwiatkowskiego 6e 75167 02258423 811.112.2(03):33 Język niemiecki - słowniki biznesowe Książka
© 2023 Biblioteka Politechniki Koszalińskiej :: KOHA